| 000 | 00559nam a2200229Ia 4500 | ||
|---|---|---|---|
| 008 | 160803s9999 xx 000 0 und d | ||
| 020 | _a 978-0545158886 | ||
| 100 | _aStine, R.L | ||
| 245 | _aWelcome to dead house / | ||
| 245 | _cR.L. Stine. | ||
| 260 | _aNew York : | ||
| 260 | _bScholastic Inc. | ||
| 260 | _c2010 | ||
| 300 | _a123, [24] pages ; | ||
| 300 | _c20 cm. | ||
| 440 | _aGoosebumps original series ; | ||
| 440 | _vvol. 1 | ||
| 650 | _aHaunted houses -- | ||
| 650 | _aHorror stories. | ||
| 650 | _xFiction. | ||
| 700 | _a600 | ||
| 999 |
_c298514 _d298514 |
||